• 首页
  • 本馆介绍
  • 公告通知
  • 最新文献
  • 馆藏检索
  • 电子资源
  • 读者导购
  • 参考咨询
  • 我的图书馆
  • 登录
  • 详细信息显示
  • 放入我的书架
  • 预约/预借图书
  • 作者相关作品
  • 分类相关作品
  • 丛书相关作品
  • 出版社相关作品

书目信息

  • 表格格式
  • 工作单格式
  • 卡片格式
书名: Introduction to atomic physics
作者: Harald A. Enge.
分册号:
分册名:
出版地:
 
出版社:
出版时间: 1978.
页数:
开本:
丛书名:
中图分类号:
科图分类号:
其他分类号: O56:H31
主题词:
电子资源:
000 00452cam 2200181 a 4500
001 E0761895771
003 DLC
005 20070305171215.64
008 020703s1987 ctuaf b 00110 engsu
043    @aa-cc---
050 00 @aDS754@b.N4 1987
090    @aP37/W42
090    @aO56:H31
099    @dO56:H31@ex3
100 1  @aEnge, Harald A., et al.
245 10 @aIntroduction to atomic physics / @cHarald A. Enge.
260    @c1978.
920    @a232010@z1
    
    Introduction to atomic physics / / Harald A. Enge.-1978.
    
    
    
    ISBN
    
●
相关链接 在E读中查询图书 在五车中查询图书 在当当中查询图书 在豆瓣中查询图书


正题名:Introduction to atomic physics     索取号:O56:H31/x3         预约/预借

序号 登录号 条形码 馆藏地/架位号 状态 备注
1 0000158   300001584   第四借阅区/ [索取号:O56:H31/x3] 在馆    
2 0000159   300001593   第四借阅区/ [索取号:O56:H31/x3] 在馆    
唐山师范学院图书馆 欢迎您!
大连网信软件有限公司© 版权所有